| 000 | 00719nam a22001937a 4500 | ||
|---|---|---|---|
| 003 | OSt | ||
| 005 | 20260202015111.0 | ||
| 008 | 260202b |||||||| |||| 00| 0 eng d | ||
| 040 |
_aDCWL GS Library _cOC |
||
| 082 | _aFic. C652 2010 | ||
| 100 | _aCoats, Lucy | ||
| 245 |
_athe magic head _cLucy Coats |
||
| 260 |
_aGreat Britain _bOrion Children's Book _cc2010 |
||
| 300 |
_a79 _bColored Illustrations _c20cm |
||
| 520 | _aAtticus the storyteller is on quest. As he travels, Atticus tells tales of fearful monsters and fabulous beasts, gods, and goddesses, heroes and heroines..... | ||
| 546 | _aEnglish | ||
| 700 | _aLucy Coats | ||
| 942 |
_2ddc _cFIC. _hFic. C652 2010 _n0 |
||
| 999 |
_c8086 _d8086 |
||